Tratamiento de datos personales y derechos fundamentales

Detalles Bibliográficos
Autor principal: Garriga Domn̕guez, Ana
Formato: Desconocido
Lenguaje:español
Publicado: Madrid : Dykinson, 2009
Materias:
Acceso en línea:Acceso restringido

MARC

LEADER 00000ny a22000003n 4500
005 20110622114332.0
008 090422s2009 sp 000 0 spa d
017 |a D.L.M 11768-2009 
020 |a 9788497844303 
035 |a 4739 
040 |a Mpons  |d vlex 
080 |a 347.723:004(460) 
090 |c 1246  |d 1246 
100 1 |a Garriga Domn̕guez, Ana 
245 1 0 |a Tratamiento de datos personales y derechos fundamentales  |h [Recurso electrn̤ico]  |c Ana Garriga Domn̕guez 
256 |a Servicio en ln̕ea 
260 |a Madrid :  |b Dykinson,  |c 2009 
506 1 |a Contenido solo disponible en los productos indicados  |d vLex Global  |d vLex Global (Academic Edition, excluding Law Schools)  |d vLex Global (U.S. Academic Edition, Law Schools)  |d vLex Global (U.S. Academic Edition, excluding Law Schools)  |d vLex Global (Academic Edition, Law Schools) 
650 0 4 |a Derecho a la vida privada  |z Espaą 
650 0 4 |a Proteccin̤ de la informacin̤ (Informt̀ica)  |z Espaą 
740 0 |a vLex Libros (Servicios en ln̕ea) 
856 |z Acceso restringido  |u http://vlex.com/source/tratamiento-datos-personales-derechos-fundamentales-4739 
942 |c BOOK